| Поле | Инд. | ПП | Название | Значение |
|---|---|---|---|---|
| Тип записи | a | |||
| Библиографический уровень | b | |||
| 001 | Контрольный номер | UNIDUBNA59e9b6faea644ae09a93fd5636e85b26 | ||
| 005 | Дата корректировки | 20230714140052.2 | ||
| 008 | Кодируемые данные | 20170331 | ||
| 040 | b | Код языка каталог. | rus | |
| e | Правила каталог. | PSBO | ||
| 041 | 0_ | a | Код языка текста | rus |
| 084 | a | Индекс другой классификации/Индекс ББК | 60.993-35; 88.93 | |
| 100 | 1_ | a | Автор | Ушакова Ю. С. |
| 245 | 10 | a | Заглавие | Инклюзивное волонтерство как средство профилактики асоциального поведения у несовершеннолетних, находящихся в трудной жизненной ситуации |
| 520 | 0_ | a | Аннотация | Об опыте работы в реабилитационном центре с детьми-инвалидами (3 - 18 лет) в группе дневного пребывания и с детьми, оставшимися без попечения родителей, в группах круглосуточного пребывания. О профилактике негативных проявлений в молодежной среде через детское добровольчество в инклюзивных творческих объединениях. |
| 650 | 14 | a | Основная рубрика | практическая психология (прикладная психология) |
| a | Основная рубрика | психокоррекция | ||
| a | Основная рубрика | психология | ||
| a | Основная рубрика | социальная работа | ||
| 653 | 0_ | a | Ключевые слова | арт-терапия |
| a | Ключевые слова | волонтерство | ||
| a | Ключевые слова | девиантное поведение | ||
| a | Ключевые слова | дети, оставшиеся без попечения родителей | ||
| a | Ключевые слова | дети-инвалиды | ||
| a | Ключевые слова | инклюзия | ||
| a | Ключевые слова | молодежь | ||
| a | Ключевые слова | несовершеннолетние | ||
| a | Ключевые слова | подростки | ||
| a | Ключевые слова | профилактика девиаций | ||
| a | Ключевые слова | психологическое сопровождение | ||
| a | Ключевые слова | психосоциальная реабилитация | ||
| a | Ключевые слова | реабилитационные центры | ||
| a | Ключевые слова | социальная адаптация | ||
| a | Ключевые слова | социальная интеграция | ||
| a | Ключевые слова | творчество | ||
| a | Ключевые слова | театротерапия | ||
| a | Ключевые слова | трудная жизненная ситуация | ||
| a | Ключевые слова | фототерапия | ||
| a | Ключевые слова | центры социального обслуживания | ||
| 773 | 08 | t | Заглавие источника | Работник социальной службы |
| d | Дата издания источника | 2022 | ||
| g | Прочая информация | № 6. - С. 56 - 59 | ||
| w | Контрольный № источника | UNIDUBNA819a4fc602bc4c6d8fffbca4a5023ac7 | ||
| 901 | t | Тип документа | b |